书目信息 |
| 题名: |
WWW上的虚拟现实技术:VRNL语言
|
|
| 作者: | 张旆 著 | |
| 分册: | ||
| 出版信息: | 北京 电子工业出版社 1998.08 |
|
| 页数: | 425页 | |
| 开本: | 16开 | |
| 丛书名: | ||
| 单 册: | ||
| 中图分类: | TP393.092 | |
| 科图分类: | ||
| 主题词: | 计算机应用 | |
| 电子资源: | ||
| ISBN: | 7-5053-4781-0 | |
| 000 | 00587nam0 2200193 45 | |
| 001 | 0009290609 | |
| 005 | 20000929061701.8 | |
| 010 | @a7-5053-4781-0@d38.00元 | |
| 100 | @a20000929d1998 km y0chiy0120 ea | |
| 101 | 0 | @achi |
| 105 | @a z 000yy | |
| 200 | 1 | @aWWW上的虚拟现实技术:VRNL语言@AWWW Shang De Xu Ni Xian Shi Ji Shu:VRNL Yu Yan@f张旆等著@FZhang Pei Deng Zhu |
| 210 | @a北京@c电子工业出版社@d1998.08 | |
| 215 | @a425页@d16开 | |
| 606 | 0 | @a计算机应用 |
| 690 | @aTP393.092@v3 | |
| 701 | 0 | @a张旆@4著 |
| 801 | @aCN@bPftUser@c20000929 | |
| 905 | @b405579-583@dTP393.092@eZH.119@f5 | |
| WWW上的虚拟现实技术:VRNL语言/张旆等著.-北京:电子工业出版社,1998.08 |
| 425页;16开 |
| ISBN 7-5053-4781-0:38.00元 |
| ● |
| 相关链接 |
|
|
|
正题名:WWW上的虚拟现实技术:VRNL语言
索取号:TP393.092/ZH.119
 
预约/预借
| 序号 | 登录号 | 条形码 | 馆藏地/架位号 | 状态 | 备注 |
| 1 | 405579 | 204055798 | 自科二线400A/400A自科库 3排3列4层/ [索取号:TP393.092/ZH.119] | 在馆 | |
| 2 | 405580 | 204055805 | 自科二线504/504自科库 15排1列3层/ [索取号:TP393.092/ZH.119] | 在馆 | |
| 3 | 405581 | 204055814 | 期刊室512/301自科库 127排2列5层/ [索取号:TP393.092/ZH.119] | 在馆 | |
| 4 | 405582 | 204055823 | 自科二线504/504自科库 15排1列3层/ [索取号:TP393.092/ZH.119] | 在馆 | |
| 5 | 405583 | 204055832 | 期刊室512/301自科库 127排2列5层/ [索取号:TP393.092/ZH.119] | 在馆 |